| 000 | 01062nam0a22002651 4500 | ||
|---|---|---|---|
| 001 | rc\3954995 | ||
| 005 | 20250611034915.0 | ||
| 021 |
_aRU _b[54-24876] |
||
| 035 | _a(NLR Aleph) 008046916 | ||
| 090 |
_a8916922 _c8916922 |
||
| 100 | _a20130415d1954 |||y0rusy50 ca | ||
| 101 | 0 | _arus | |
| 102 | _aRU | ||
| 105 | _ay z ||||| | ||
| 200 | 1 |
_aО влиянии нарушений слуха на развитие ребенка _eК вопросу комплектования вспомогательных школ _fАкад. пед. наук РСФСР |
|
| 210 |
_aМосква _cИзд-во Акад. пед. наук РСФСР _d1954 |
||
| 215 |
_a132 с. _d21 |
||
| 606 |
_aТугоухие дети _xРазвитие _2psbo |
||
| 700 | 1 |
_7ca _8rus _aВласова _bТ. А. _cд-р психол. наук, дефектолог _f1905-1986 _gТатьяна Александровна _9234235 _3RU\NLR\AUTH\770234291 |
|
| 801 | 0 |
_aRU _bNLR _gpsbo |
|
| 801 | 1 |
_aRU _bELAR _2rusmarc |
|
| 852 |
_aNLR _jПр70 Г-3/30 |
||
| 942 | _cBOOK | ||
| 980 | _aNB | ||